000 00925nas a2200301 4500
001 BR2015001267
003 BR-BrBNA
005 20231205125149.0
007 ta
008 230509b bl.|||p| |||| 00| 00por d
040 _aBR-BrBNA
_bpor
_cBiblioteca Nacional de Agricultura
041 _a(En)
072 _aL74; L73
100 1 _aFerreira, F.
100 1 _aBertagnolli, A.C.
100 1 _aGobbi, H.
100 1 _aCassali, G.D.
245 1 _aHER-2 gene expression in atypical ductal hyperplasia associated with canine mammary carcinomas
650 _aCÃO
650 _aGLÂNDULA MAMÁRIA
650 _aHIPERPLASIA
650 _aCARCINOMA
650 _aIMUNIDADE
650 _aHISTOQUÍMICA
773 0 _tArquivo Brasileiro de Medicina Veterinária e Zootecnia (Brazil)
_xISSN 0102-0935
_g(Apr 2014), v. 66(2) p. 609-612
_wBR2015001267
909 _a202311
_bLúcia
_c55
_dLúcia Elande
942 _2AGRIS
_n0
_cANA
999 _c242980
_d242980